| 000 | 02188cam a2200409 i 4500 | ||
|---|---|---|---|
| 001 | 21029459 | ||
| 005 | 20251003100940.0 | ||
| 008 | 190621s2020 mau b 000 0aeng | ||
| 010 | _a 2019026271 | ||
| 020 |
_a9780807002803 _q(paperback) |
||
| 035 | _a21029459 | ||
| 040 |
_aDLC _beng _cDLC _erda _dDLC |
||
| 042 | _apcc | ||
| 043 | _an-us--- | ||
| 050 | 0 | 0 |
_aJC571 _b.H49 2020 |
| 082 | 0 | 0 |
_a362.4092 _223 _bHEU |
| 100 | 1 |
_aHeumann, Judith E., _eauthor. _9130839 |
|
| 245 | 1 | 0 |
_aBeing Heumann : _ban unrepentant memoir of a disability rights activist / _cJudith Heumann with Kristen Joiner. |
| 264 | 1 |
_aBoston : _bBeacon Press, _c[2020] |
|
| 300 |
_axiv, 218 pages ; _c23 cm |
||
| 336 |
_atext _btxt _2rdacontent |
||
| 337 |
_aunmediated _bn _2rdamedia |
||
| 338 |
_avolume _bnc _2rdacarrier |
||
| 500 | _aSection 504 of the Rehabilitation Act of 1973, Heumann co-founded the World Institute on Disability with Ed Roberts and Joan Leon in 1983, serving as co-director until 1993. Assistant Secretary of the Office of Special Education and Rehabilitation Services at the US Department of Education. served as the World Bank Group's first Advisor on Disability and Development. Director of the Department of Disability Services for the District of Columbia. Special Advisor on Disability Rights for the US State Department. | ||
| 504 | _aIncludes bibliographical references. | ||
| 600 | 1 | 0 |
_aHeumann, Judith E. _9130840 |
| 650 | 0 |
_aHuman rights workers _zUnited States _vBiography. _9130841 |
|
| 650 | 0 |
_aPeople with disabilities _zUnited States _vBiography. _994650 |
|
| 650 | 0 |
_aTeachers _zUnited States _vBiography. _9130842 |
|
| 655 | 7 |
_aBiographies. _2lcgft _0https://id.loc.gov/authorities/genreForms/gf2014026049 _933106 |
|
| 710 | 2 |
_aBeacon Press. _9130843 |
|
| 776 | 0 | 8 |
_iOnline version: _aHeumann, Judith E. _tBeing Heumann. _dBoston : Beacon Press, [2019] _z9780807019382 _w(DLC) 2019026272 |
| 906 |
_a7 _bcbc _corignew _d1 _eecip _f20 _gy-gencatlg |
||
| 942 |
_2ddc _cBK |
||
| 999 |
_c615002 _d615002 |
||